000 00685cam a22001815a 4500
001 L155621
008 120329s1780 xxk f 000 0 eng d
035 _a(Sirsi) u155621
041 0 _aeng
100 1 _aGough, Richard
_d1735-1809
245 0 0 _aBritish topography
_bOr, an historical account of what has been done for illustrating the topographical antiquities of Great Britain and Ireland. ...
260 _aLondon
_bprinted for T. Payne and Son, and J. Nichols
_cMDCCLXXX. [1780]
300 _a2 v., plates
_bmaps
_c4o
583 _aCondition reviewed
_c20120620
_lcondition level 3 and 3
651 4 _aGreat Britain
_y1707-
690 _aConservation and restoration
942 _n0
999 _c113705
_d113705